000 00750cab a22001935a 4500
001 L155065
008 120223e20120218xxk 000 0 eng d
035 _a(Sirsi) u155065
041 0 _aeng
100 1 _aDriscoll, James
245 0 0 _aService charge recovery
260 _c2012
490 _aEstates Gazette
_v(1207) 18 February 2012, 89(1)
520 _aConsiders recent decisions on dispensing with consultation requirements and issues of costs. Notes that the Leasehold Valuation Tribunal can dispense with statutory consultation requirements and can also direct that a landlord should not recover its costs as a service charge.
590 _aKA
651 4 _aEngland and Wales
_y1543-
690 _aLandlord and tenant
_96252
942 _n0
999 _c83803
_d83803